00668nam a2200229 i 450000100060000000300090000600500170001500700030003200800410003502000170007610000220009324500510011525000250016626000580019130000220024949000150027150000520028650400330033870000190037183000150039085200330040527462ES-MaACL20230906153624.0t|030114s1986 fr ||||1| fre d a2-13039736-01 aAubenque, Pierre.13aLa prudence chez Aristote / cPierre Aubenque. a3eme ed. rev. y aum. aParís : bPresses Universitaires de France, c1986. a220 p. ; c22 cm.1 aEnsayistas aContiene apéndice sobre la prudencia en Kant. aBibliografía : p. 214-218.1 aPeña, Vidal.0 aEnsayistas aES-MaACLjL-10831 bR.112510